000 00727nam a2200253Ia 4500
003 OSt
005 20140315085741.0
008 140130s9999 xx 000 0 und d
020 _a0439229081
050 _aE 99.P85
_b.P571433 2000
100 _aPenner, Lucille Recht.
245 _cLucille RechtPenner.
_aThe true story of pocahontas /
260 _bScholastic Inc.,
_aUSA :
_cc2000.
300 _a45 p. :
_bcol. ill. ;
_c23 cm.
440 _v1
521 _aG2
526 _c440
650 _aPocahontas, -1617
_xJuvenile literature.
650 _aSmith, John, 1580-1631
_xJuvenile literature.
650 _aRolfe, John, 1585-1622
_xJuvenile literature.
942 _cBK
_2lcc
999 _c40364
_d40364